000 00421nam a2200121Ia 4500
008 171212s9999 xx 000 0 und d
020 _a9780833090874
100 _aConnable, Ben
245 _cConnable, Ben
_aFrom Negative to Positive Stability
_bHow the Syrian Refugee Crisis Can Improve Jordan's Outlook
260 _bRAND Corporation
_c2015
650 _aHistory
856 _uhttp://jstor.org/stable/10.7249/j.ctt19w72rx
999 _c352110
_d352110